[Event "Kaufbeuren 2007 Gruppe B"]
[Site "Kaufbeuren"]
[Date "2007.10.20"]
[Round "6"]
[White "Amsterdam, Mephisto"]
[Black "Diablo 68000, Novag"]
[Result "1-0"]
[WhiteElo "1943"]
[BlackElo "2059"]
[PlyCount "95"]
[EventDate "2007.10.20"]
[EventType "tourn"]
[EventCountry "GER"]
[SourceDate "2007.10.20"]

1. e4 e5 2. Nf3 Nc6 3. Bb5 a6 4. Bxc6 dxc6 5. d3 Bd6 6. Nbd2 Ne7 7. O-O f6 8.
Nc4 Be6 9. Be3 Qd7 10. h3 O-O-O 11. Qd2 Bxc4 12. dxc4 Qe6 13. Qc3 Ng6 14. Rad1
f5 15. Ng5 Qf6 16. exf5 Qxf5 17. Qd3 Qf6 18. Ne4 Nf4 19. Nxf6 Nxd3 20. cxd3
gxf6 21. d4 Rhg8 22. dxe5 Bxe5 23. Rxd8+ Rxd8 24. b3 f5 25. Bg5 Rg8 26. h4 Kd7
27. Rd1+ Ke6 28. f4 Bc3 29. Rd3 Bf6 30. Kf2 Bxg5 31. hxg5 b5 32. Rh3 bxc4 33.
bxc4 Rg7 34. Rh6+ Kd7 35. Kf3 Re7 36. g4 fxg4+ 37. Kxg4 a5 38. c5 a4 39. f5 Rf7
40. Kf4 a3 41. Rh3 Ke7 42. Rxa3 Kd8 43. Ra6 Kd7 44. Ra4 Ke8 45. Re4+ Kd7 46. f6
h6 47. Kf5 hxg5 48. Kg6 1-0

[Event "Kaufbeuren 2007 Gruppe B"]
[Site "Kaufbeuren"]
[Date "2007.10.20"]
[Round "4"]
[White "Amsterdam, Mephisto"]
[Black "Rebell 5.0 Prototyp, Mephisto"]
[Result "1-0"]
[WhiteElo "1943"]
[BlackElo "1875"]
[PlyCount "49"]
[EventDate "2007.10.20"]
[EventType "tourn"]
[EventCountry "GER"]
[SourceDate "2007.10.20"]

1. d4 Nf6 2. Nf3 e6 3. c4 b6 4. g3 Ba6 5. Qa4 Bb7 6. Nc3 Bxf3 7. exf3 Nc6 8.
Be3 e5 9. dxe5 Nxe5 10. f4 Neg4 11. Bg2 c6 12. O-O-O Nxe3 13. Rhe1 Bc5 14. Bxc6
Rc8 15. Bb5 Qe7 16. Qxa7 O-O 17. fxe3 Ra8 18. Qb7 Bxe3+ 19. Kb1 Rab8 20. Qf3
Rbe8 21. Rd3 Qd8 22. Rexe3 Re6 23. Rxe6 fxe6 24. Qb7 Rf7 25. h4 1-0

[Event "Kaufbeuren 2007 Gruppe B"]
[Site "Kaufbeuren"]
[Date "2005.10.20"]
[Round "8"]
[White "Amsterdam, Mephisto"]
[Black "Super Forte C 5 MHz , Novag"]
[Result "1-0"]
[WhiteElo "1943"]
[BlackElo "1971"]
[PlyCount "144"]
[EventDate "2007.10.20"]
[EventType "tourn"]
[EventCountry "GER"]
[SourceDate "2007.10.20"]
[TimeControl "40/300:0"]

1. Nf3 Nf6 2. d4 d5 3. c4 dxc4 4. e3 Bg4 5. Bxc4 e6 6. h3 Bh5 7. Nc3 Nbd7 8.
O-O Bd6 9. e4 e5 10. Be3 O-O 11. Re1 Re8 12. Qb3 exd4 13. Bxd4 c5 14. Bxf6 Qxf6
15. Qxb7 Ne5 16. Nxe5 Qxe5 17. Kf1 Qh2 18. f3 Bg3 19. Ne2 Qh1+ 20. Ng1 Bxe1 21.
Rxe1 Rab8 22. Qd7 Rf8 23. b3 Rbd8 24. Qxa7 Rd2 25. Be2 Rc8 26. Qa5 Rc2 27. Rd1
Re8 28. Qa4 Rb8 29. Qa6 h6 30. Qd6 Ra8 31. a4 Rxe2 32. Kxe2 Qxg2+ 33. Ke3 Qc2
34. Qd3 Qh2 35. Qd2 Qb8 36. Qd5 Bg6 37. Ne2 Kh8 38. Nf4 Ra7 39. Nxg6+ fxg6 40.
f4 Qf8 41. Rd3 Kh7 42. Rc3 Ra5 43. Qd7 Qf6 44. e5 Qh4 45. Kf3 Qe1 46. Rc2 Qf1+
47. Rf2 Qb1 48. Qf7 Qf5 49. Qxf5 gxf5 50. e6 Kg8 51. Re2 Kf8 52. e7+ Ke8 53.
Re5 g6 54. h4 Ra7 55. Rxc5 Kxe7 56. a5 Rb7 57. Rc3 Kd6 58. Ke2 Kd5 59. Re3 Kc5
60. Re6 Rxb3 61. Rxg6 Ra3 62. a6 Kd5 63. Rxh6 Ke4 64. h5 Ra2+ 65. Kd1 Kxf4 66.
Rg6 Ke3 67. h6 Rd2+ 68. Ke1 Rd7 69. Rg7 Rd8 70. h7 Rh8 71. a7 Rc8 72. Rg3+ Ke4
1-0

[Event "Kaufbeuren 2007 Gruppe B"]
[Site "Kaufbeuren"]
[Date "2007.10.20"]
[Round "2"]
[White "Amsterdam, Mephisto"]
[Black "Supermondial 2, Mephisto"]
[Result "1/2-1/2"]
[WhiteElo "1943"]
[BlackElo "1962"]
[PlyCount "135"]
[EventDate "2007.10.20"]
[EventType "tourn"]
[EventCountry "GER"]
[SourceDate "2007.10.20"]

1. e4 e5 2. Nf3 Nc6 3. Bb5 a6 4. Bxc6 dxc6 5. d3 Bc5 6. Be3 Bxe3 7. fxe3 Bg4 8.
O-O Ne7 9. h3 Bxf3 10. Qxf3 O-O 11. Nc3 Qd6 12. a3 Rad8 13. Rf2 c5 14. Raf1 b5
15. Qg3 f6 16. Qg4 c4 17. Rd1 cxd3 18. Rxd3 Qc6 19. Rfd2 Rxd3 20. cxd3 Qd6 21.
d4 f5 22. Qf3 exd4 23. Rxd4 Qc5 24. Qf4 Ng6 25. Qg5 c6 26. exf5 Rxf5 27. Rd8+
Nf8 28. Qg3 Re5 29. Qf2 Rf5 30. Qd2 Re5 31. Qd4 Qe7 32. e4 c5 33. Qd3 Qf6 34.
Rd6 Re6 35. Qd5 b4 36. Na4 bxa3 37. bxa3 Qa1+ 38. Kf2 Qf6+ 39. Ke2 Qg6 40. Rxe6
Nxe6 41. g3 Qf7 42. Ke3 Qg6 43. g4 Qh6+ 44. Kf2 Kf8 45. Qd6+ Kg8 46. Nxc5 Nxc5
47. Qd8+ Kf7 48. Qc7+ Ke6 49. Qb6+ Kd7 50. Qxc5 Qf4+ 51. Ke2 Qxe4+ 52. Qe3 Qg2+
53. Kd3 a5 54. Qa7+ Ke6 55. Qb6+ Kf7 56. Qc7+ Kg6 57. Qd6+ Kf7 58. Qd7+ Kf8 59.
Qf5+ Kg8 60. Qe6+ Kf8 61. Qc8+ Kf7 62. Qc4+ Kf8 63. Qc5+ Kg8 64. Qe3 Kf7 65.
Qf4+ Ke7 66. Qe5+ Kf8 67. Qb8+ Kf7 68. Qb3+ 1/2-1/2

[Event "Kaufbeuren 2007 Gruppe B"]
[Site "Kaufbeuren"]
[Date "2007.10.20"]
[Round "7"]
[White "Designer 2265, Fidelity"]
[Black "Amsterdam, Mephisto"]
[Result "1-0"]
[WhiteElo "2023"]
[BlackElo "1943"]
[PlyCount "63"]
[EventDate "2007.10.20"]
[EventType "tourn"]
[EventCountry "GER"]
[SourceDate "2007.10.20"]

1. e4 c5 2. Nf3 d6 3. d4 cxd4 4. Nxd4 Nf6 5. Nc3 Nc6 6. Bg5 e6 7. Qd2 a6 8.
O-O-O h6 9. Bf4 d5 10. exd5 exd5 11. Re1+ Be7 12. Kb1 O-O 13. g3 Re8 14. Bg2
Bg4 15. h3 Bc8 16. g4 g5 17. Be3 Bb4 18. a3 Ba5 19. f3 Bb6 20. Nce2 Ne5 21. Qc1
Nc4 22. Bf2 Ba5 23. c3 Ne5 24. Qc2 Nc4 25. Ng3 Rxe1+ 26. Rxe1 Qb6 27. Ka1 Qc7
28. Nh5 Nxh5 29. Re8+ Kg7 30. gxh5 Rb8 31. Nb5 Ne3 32. Bxe3 1-0

[Event "Kaufbeuren 2007 Gruppe B"]
[Site "Kaufbeuren"]
[Date "2007.10.20"]
[Round "9"]
[White "Designer 2265, Fidelity"]
[Black "Genesis, Millennium"]
[Result "1-0"]
[WhiteElo "2023"]
[BlackElo "1895"]
[PlyCount "99"]
[EventDate "2007.10.20"]
[EventType "tourn"]
[EventCountry "GER"]
[SourceDate "2007.10.20"]

1. d4 d5 2. c4 Nf6 3. cxd5 Nxd5 4. e4 Nf6 5. Nc3 Bg4 6. Qa4+ c6 7. f3 b5 8. Qb3
Bc8 9. Be3 Qb6 10. Bf2 Qa5 11. Rc1 Nbd7 12. Nh3 Rb8 13. Be2 g6 14. Ng5 e6 15.
e5 Bh6 16. Be3 Nd5 17. Bd2 Bxg5 18. Bxg5 O-O 19. O-O Bb7 20. Nxd5 exd5 21. Be7
Rfe8 22. Bd6 Rbc8 23. Rfd1 Qb6 24. f4 Rcd8 25. Qa3 a5 26. Bg4 b4 27. Qh3 f5 28.
Bf3 Ba6 29. Qh4 Ra8 30. Be7 Ra7 31. Bf6 Rf8 32. Bg5 Rfa8 33. e6 Nf8 34. Qe1 h6
35. Bh4 Re8 36. e7 g5 37. fxg5 Raxe7 38. Qd2 Be2 39. gxh6 Bxd1 40. Bxe7 Rxe7
41. Qg5+ Kf7 42. Qxf5+ Kg8 43. Rxd1 Rf7 44. Qh5 Rf6 45. Qg5+ Rg6 46. Qe3 Qa7
47. Bh5 Re6 48. Qg5+ Kh8 49. Rf1 Qe7 50. Qxe7 1-0

[Event "Kaufbeuren 2007 Gruppe B"]
[Site "Kaufbeuren"]
[Date "2007.10.20"]
[Round "2"]
[White "Designer 2265, Fidelity"]
[Black "MM V, Mephisto"]
[Result "0-1"]
[WhiteElo "2023"]
[BlackElo "2003"]
[PlyCount "68"]
[EventDate "2007.10.20"]
[EventType "tourn"]
[EventCountry "GER"]
[SourceDate "2007.10.20"]
[TimeControl "40/7200:20/3600:0"]

1. d4 Nf6 2. c4 e6 3. Nc3 Bb4 4. e3 O-O 5. Nf3 d5 6. Bd3 c5 7. O-O Nc6 8. a3
Bxc3 9. bxc3 dxc4 10. Bxc4 Qc7 11. Ba2 b6 12. c4 Ba6 13. dxc5 bxc5 14. Qa4 Bb7
15. Rb1 Ne7 16. Rd1 Bc6 17. Qb3 Ng4 18. Rb2 Rab8 19. Qc3 Bxf3 20. gxf3 Qxh2+
21. Kf1 Rbd8 22. Rbd2 Nxf2 23. Rxd8 Nxd1 24. Rxf8+ Kxf8 25. Qd2 Nxe3+ 26. Qxe3
Qxa2 27. Qxc5 Qb1 28. Qe3 Qc2 29. Bd2 Qxc4+ 30. Kf2 Nc6 31. Qe4 Qxe4 32. fxe4
f5 33. exf5 exf5 34. Kf3 Nd4+ 0-1

[Event "Kaufbeuren 2007 Gruppe B"]
[Site "Kaufbeuren"]
[Date "2005.10.20"]
[Round "5"]
[White "Designer 2265, Fidelity"]
[Black "Super Forte C 5 MHz , Novag"]
[Result "0-1"]
[WhiteElo "2023"]
[BlackElo "1971"]
[PlyCount "186"]
[EventDate "2007.10.20"]
[EventType "tourn"]
[EventCountry "GER"]
[SourceDate "2007.10.20"]
[TimeControl "40/300:0"]

1. d4 Nf6 2. c4 e6 3. Nc3 Bb4 4. e3 O-O 5. Nf3 d5 6. Bd3 c5 7. O-O dxc4 8. Bxc4
Nbd7 9. Qe2 b6 10. Rd1 cxd4 11. exd4 Bb7 12. d5 Bxc3 13. dxe6 Bxf3 14. gxf3
fxe6 15. bxc3 Qc7 16. Bxe6+ Kh8 17. Be3 Nc5 18. Bd5 Nxd5 19. Rxd5 Ne6 20. Re1
Rf6 21. Bd2 Nf4 22. Bxf4 Rxf4 23. Qe7 Rf7 24. Qxc7 Rxc7 25. Re3 Kg8 26. Kg2
Rac8 27. Rdd3 Kf7 28. f4 g6 29. Kh3 Rg8 30. Rf3 Kf6 31. Kg4 Rf8 32. Rd6+ Ke7
33. Rd1 Rf5 34. Kg3 Kf6 35. Re3 Ra5 36. Rd2 Ra3 37. f3 Rc6 38. Rc2 Rc5 39. h3
Rc7 40. Rd3 Ra5 41. Rcd2 Rac5 42. Re3 R5c6 43. Rdd3 Kf5 44. a3 Kf6 45. Rd5 Rc4
46. Rd4 R4c6 47. Kg4 Rc5 48. h4 h5+ 49. Kg3 R7c6 50. Rd7 Rc7 51. Ree7 Rxd7 52.
Rxd7 Ra5 53. Rd6+ Kf5 54. c4 Rxa3 55. Rd5+ Kf6 56. Rd6+ Kf7 57. Kf2 Kg7 58. Rc6
Rc3 59. Rc7+ Kf6 60. Rxa7 Rxc4 61. Rb7 Rb4 62. Ke3 b5 63. Rb8 Kf5 64. Rf8+ Ke6
65. Rb8 Rb1 66. Rg8 Kf7 67. Rb8 b4 68. Rb7+ Ke6 69. Rb6+ Kd5 70. Rxg6 Rb3+ 71.
Kf2 Rb2+ 72. Kg3 b3 73. Rh6 Rc2 74. Rxh5+ Kc6 75. Rh8 Kc7 76. Rh7+ Kc6 77. Rh6+
Kc7 78. Re6 b2 79. Re7+ Kb8 80. Re8+ Rc8 81. Re1 Rc1 82. Re8+ Kc7 83. Re7+ Kc6
84. Re6+ Kd5 85. Rb6 b1=Q 86. Rxb1 Rxb1 87. h5 Ke6 88. Kg4 Rh1 89. Kg5 Rg1+ 90.
Kh6 Kf5 91. Kh7 Rg3 92. Kh8 Rh3 93. Kg7 Rxh5 0-1

[Event "Kaufbeuren 2007 Gruppe B"]
[Site "Kaufbeuren"]
[Date "2007.10.20"]
[Round "3"]
[White "Diablo 68000, Novag"]
[Black "Designer 2265, Fidelity"]
[Result "0-1"]
[WhiteElo "2059"]
[BlackElo "2023"]
[PlyCount "74"]
[EventDate "2007.10.20"]
[EventType "tourn"]
[EventCountry "GER"]
[SourceDate "2007.10.20"]

1. e4 e5 2. Nc3 Nf6 3. f4 d5 4. fxe5 Nxe4 5. Qf3 Nxc3 6. dxc3 Qh4+ 7. g3 Qe4+
8. Qxe4 dxe4 9. Bf4 Bc5 10. O-O-O Nc6 11. Bg2 Bf5 12. Re1 Be6 13. Bxe4 Bxa2 14.
Rd1 O-O 15. Nf3 Rad8 16. Bg5 Rde8 17. b4 Bb6 18. Rhe1 a5 19. b5 Na7 20. Bd3 a4
21. c4 a3 22. Re2 c6 23. bxc6 Nxc6 24. h3 Ra8 25. Bf4 Rfe8 26. Ng5 h6 27. Nf3
Ba5 28. g4 Bc3 29. Re3 Ra4 30. Bh7+ Kxh7 31. Rxc3 Bxc4 32. Re3 a2 33. Kb2 Rd8
34. Ra1 Rb4+ 35. Kc3 Bd5 36. Ng5+ hxg5 37. Bxg5 Ra8 0-1

[Event "Kaufbeuren 2007 Gruppe B"]
[Site "Kaufbeuren"]
[Date "2007.10.20"]
[Round "5"]
[White "Diablo 68000, Novag"]
[Black "Modena, Mephisto"]
[Result "0-1"]
[WhiteElo "2059"]
[BlackElo "1964"]
[PlyCount "122"]
[EventDate "2007.10.20"]
[EventType "tourn"]
[EventCountry "GER"]
[SourceDate "2007.10.20"]

1. d4 d5 2. c4 e6 3. g3 Nf6 4. Bg2 Be7 5. Nf3 O-O 6. O-O Nbd7 7. Qc2 b6 8. cxd5
Nxd5 9. Nc3 Bb7 10. Nxd5 Bxd5 11. Be3 c5 12. dxc5 Nxc5 13. Rad1 Rc8 14. Qb1 Nd7
15. Bf4 Bf6 16. e4 Bc6 17. Rfe1 a6 18. Rd2 Qe8 19. e5 Be7 20. Rc1 Bd5 21. Rxc8
Qxc8 22. Rd4 Qc6 23. Qd1 Bc5 24. Rd3 Rc8 25. a3 b5 26. b4 Ba7 27. Qe1 Qc2 28.
Rd2 Qc3 29. Nh4 Nb6 30. Bf1 Qxa3 31. Rd1 Qb2 32. Rb1 Qc3 33. Bd2 Qd4 34. Ra1
Bb7 35. Bg2 Bxg2 36. Kxg2 Nc4 37. Nf3 Qb6 38. Rc1 Qb7 39. Bf4 Bb6 40. Qe2 a5
41. bxa5 Bxa5 42. h3 h6 43. Rc2 Rd8 44. Kh2 Qd5 45. Kg2 Qd3 46. Qxd3 Rxd3 47.
h4 Bc3 48. Ra2 b4 49. Ra8+ Kh7 50. Rb8 Kg6 51. g4 h5 52. Rf8 Rd7 53. gxh5+ Kxh5
54. Kg3 b3 55. Rh8+ Kg6 56. Kg4 f5+ 57. exf6 Kxf6 58. Rf8+ Ke7 59. Rb8 b2 60.
Ng5 Na3 61. Be3 b1=Q 0-1

[Event "Kaufbeuren 2007 Gruppe B"]
[Site "Kaufbeuren"]
[Date "2007.10.20"]
[Round "9"]
[White "Diablo 68000, Novag"]
[Black "Rebell 5.0 Prototyp, Mephisto"]
[Result "1-0"]
[WhiteElo "2059"]
[BlackElo "1875"]
[PlyCount "39"]
[EventDate "2007.10.20"]
[EventType "tourn"]
[EventCountry "GER"]
[SourceDate "2007.10.20"]

1. c4 c5 2. Nf3 Nf6 3. d4 d6 4. dxc5 Qa5+ 5. Nc3 Qxc5 6. e4 Bg4 7. Be3 Qb4 8.
Bd2 Qxb2 9. Rb1 Qa3 10. Rxb7 Nc6 11. Nb5 Qxa2 12. Nc7+ Kd8 13. Nxa8 Nxe4 14.
Be2 Bxf3 15. gxf3 Nxd2 16. Qxd2 Qa1+ 17. Qd1 Qc3+ 18. Kf1 Kc8 19. Rc7+ Kb8 20.
Rxc6 1-0

[Event "Kaufbeuren 2007 Gruppe B"]
[Site "Kaufbeuren"]
[Date "2007.10.20"]
[Round "7"]
[White "Diablo 68000, Novag"]
[Black "Supermondial 2, Mephisto"]
[Result "1-0"]
[WhiteElo "2059"]
[BlackElo "1962"]
[PlyCount "67"]
[EventDate "2007.10.20"]
[EventType "tourn"]
[EventCountry "GER"]
[SourceDate "2007.10.20"]

1. e4 e6 2. d4 d5 3. Nc3 dxe4 4. Nxe4 Nd7 5. Nf3 Ngf6 6. Bd3 Nxe4 7. Bxe4 Nf6
8. Bg5 Bb4+ 9. c3 Be7 10. Bxf6 Bxf6 11. O-O O-O 12. Re1 h6 13. Qb3 Rb8 14. Ne5
Bxe5 15. dxe5 f5 16. Bf3 b5 17. Qa3 a6 18. Rad1 Qg5 19. Rd3 Rd8 20. Rxd8+ Qxd8
21. Qc5 Bb7 22. Rd1 Qc8 23. Bxb7 Rxb7 24. Qe7 Kh7 25. Rd8 c6 26. Qf8 Qc7 27.
Qg8+ Kg6 28. Qxe6+ Kh7 29. Qxf5+ g6 30. Qf6 Qg7 31. Qxc6 Re7 32. f4 Ra7 33. e6
Qf6 34. Rd7+ 1-0

[Event "Kaufbeuren 2007 Gruppe B"]
[Site "Kaufbeuren"]
[Date "2007.10.20"]
[Round "3"]
[White "Genesis, Millennium"]
[Black "Amsterdam, Mephisto"]
[Result "0-1"]
[WhiteElo "1895"]
[BlackElo "1943"]
[PlyCount "110"]
[EventDate "2007.10.20"]
[EventType "tourn"]
[EventCountry "GER"]
[SourceDate "2007.10.20"]

1. Nf3 d5 2. g3 Nc6 3. d4 Bf5 4. Bg2 e6 5. O-O Be7 6. Ne5 Nf6 7. Nxc6 bxc6 8.
Bf4 Rb8 9. b3 Bd6 10. Bxd6 cxd6 11. c4 O-O 12. Nc3 Qb6 13. e3 Qb4 14. Ne2 dxc4
15. Bxc6 Rfc8 16. Bg2 d5 17. Rc1 Bd3 18. bxc4 Bxc4 19. Rc2 Ne4 20. Qc1 h6 21.
Rd1 a5 22. Nc3 Nxc3 23. Rxc3 Qa4 24. Rd2 Rb7 25. Rdc2 Rb4 26. e4 Qb5 27. Rb3
Rb8 28. Rxb4 Qxb4 29. exd5 exd5 30. Bf1 Re8 31. a3 Qe1 32. Rxc4 dxc4 33. Qxc4
Re6 34. Qc8+ Kh7 35. Qc2+ g6 36. Kg2 Kg7 37. Bd3 Re8 38. Qc7 Re7 39. Qc5 Rb7
40. Qc2 Qe7 41. Be4 Rb6 42. Bd5 Rd6 43. Qc5 Qd8 44. Bc6 Rxd4 45. Qe5+ Qf6 46.
Qxf6+ Kxf6 47. h4 g5 48. hxg5+ hxg5 49. Be8 g4 50. Kf1 Rd5 51. a4 Ke7 52. Bc6
Rc5 53. Bb5 Rxb5 54. axb5 a4 55. Ke2 a3 0-1

[Event "Kaufbeuren 2007 Gruppe B"]
[Site "Kaufbeuren"]
[Date "2007.10.20"]
[Round "8"]
[White "Genesis, Millennium"]
[Black "Diablo 68000, Novag"]
[Result "1/2-1/2"]
[WhiteElo "1895"]
[BlackElo "2059"]
[PlyCount "131"]
[EventDate "2007.10.20"]
[EventType "tourn"]
[EventCountry "GER"]
[SourceDate "2007.10.20"]

1. b4 e5 2. b5 d5 3. Bb2 Nd7 4. e3 Ngf6 5. c4 Bd6 6. cxd5 Nb6 7. Nc3 Nbxd5 8.
Nf3 Nxc3 9. Bxc3 e4 10. Ng5 Bf5 11. Bc4 Bg6 12. O-O h6 13. Nh3 Qe7 14. Nf4 Bxf4
15. exf4 O-O-O 16. Qc2 Rd7 17. Rad1 Rhd8 18. Be5 e3 19. Qa4 exf2+ 20. Rxf2 Kb8
21. d4 Ne4 22. Rf3 Nc5 23. Qa3 Bh5 24. Re3 Ne4 25. Qxe7 Rxe7 26. Rdd3 f5 27. d5
Rde8 28. a4 g5 29. Bb3 gxf4 30. Bxf4 Nc5 31. Rxe7 Rxe7 32. Rh3 Re1+ 33. Kf2
Re2+ 34. Kf1 Re4 35. Bxh6 Bg4 36. Bc2 Bxh3 37. Bxe4 fxe4 38. gxh3 Nxa4 39. Kf2
Nc3 40. Ke3 Nxd5+ 41. Kd4 Nf6 42. Bf4 Kc8 43. Ke5 Ne8 44. Kxe4 Kd7 45. h4 Ke6
46. h5 Kf6 47. h6 Kg6 48. Kd4 Kf7 49. Kc5 Kf6 50. h4 Kg6 51. h5+ Kh7 52. Bg5
Nd6 53. Be3 Ne4+ 54. Kd5 Nf6+ 55. Ke6 Nxh5 56. Bxa7 Kxh6 57. Kd7 c6 58. b6 c5
59. Bb8 c4 60. Be5 Kg5 61. Kc8 Nf4 62. Bxf4+ Kxf4 63. Kxb7 c3 64. Ka7 c2 65. b7
c1=Q 66. b8=Q+ 1/2-1/2

[Event "Kaufbeuren 2007 Gruppe B"]
[Site "Kaufbeuren"]
[Date "2007.10.20"]
[Round "6"]
[White "Genesis, Millennium"]
[Black "Rebell 5.0 Prototyp, Mephisto"]
[Result "0-1"]
[WhiteElo "1895"]
[BlackElo "1875"]
[PlyCount "88"]
[EventDate "2007.10.20"]
[EventType "tourn"]
[EventCountry "GER"]
[SourceDate "2007.10.20"]

1. g3 Nf6 2. Bg2 d5 3. Nf3 Nc6 4. O-O e5 5. d4 e4 6. Ne5 Nxe5 7. dxe5 Ng4 8. c4
dxc4 9. Qa4+ c6 10. Qxc4 Bf5 11. Nc3 Nxe5 12. Qb3 Qb6 13. Qc2 O-O-O 14. Be3 Qa5
15. a3 Ng4 16. b4 Nxe3 17. fxe3 Qe5 18. Nxe4 Kb8 19. Rad1 Be7 20. Qc3 Qxc3 21.
Nxc3 Rxd1 22. Nxd1 Bg6 23. e4 Rd8 24. Ne3 Rd2 25. Rf2 Bf6 26. Ng4 Bb2 27. e3
Rd1+ 28. Rf1 Rxf1+ 29. Kxf1 Bxa3 30. Ne5 Bxb4 31. Nxg6 hxg6 32. Ke2 a5 33. Kd3
a4 34. e5 a3 35. Kc2 a2 36. Kb2 a1=Q+ 37. Kxa1 Bc3+ 38. Kb1 Bxe5 39. Kc2 Kc7
40. Kd3 b5 41. Bf3 Kd6 42. e4 c5 43. Be2 c4+ 44. Ke3 Kc5 0-1

[Event "Kaufbeuren 2007 Gruppe B"]
[Site "Kaufbeuren"]
[Date "2005.10.20"]
[Round "1"]
[White "Genesis, Millennium"]
[Black "Super Forte C 5 MHz , Novag"]
[Result "1/2-1/2"]
[WhiteElo "1895"]
[BlackElo "1971"]
[PlyCount "121"]
[EventDate "2007.10.20"]
[EventType "tourn"]
[EventCountry "GER"]
[SourceDate "2007.10.20"]

1. e4 e5 2. c3 d5 3. exd5 Qxd5 4. d4 exd4 5. Be3 Nc6 6. cxd4 Qa5+ 7. Qd2 Bb4 8.
Nc3 Nf6 9. Bd3 Nd5 10. Nge2 Bg4 11. O-O Bxe2 12. Qxe2 Nxc3 13. bxc3 Bxc3 14.
Bd2+ Kf8 15. Bxc3 Qxc3 16. d5 Re8 17. Qd1 Ne5 18. Bf5 g6 19. Rc1 Qa5 20. Be4 f5
21. Bb1 Kg7 22. Qd4 Kg8 23. f4 Nd7 24. Bd3 h5 25. Rf2 Kh7 26. Rfc2 Re1+ 27.
Rxe1 Qxe1+ 28. Bf1 Qa5 29. Re2 Qb6 30. Re7+ Kh6 31. Qxb6 Nxb6 32. Rxc7 Nxd5 33.
Rxb7 Rh7 34. Rxh7+ Kxh7 35. g3 a5 36. Kf2 a4 37. Bc4 Nb6 38. Bf7 Kg7 39. Be8 a3
40. Ke3 Nc4+ 41. Kd3 Nd6 42. Bc6 Kf6 43. Kc3 g5 44. fxg5+ Kxg5 45. Kb4 Kg4 46.
Bg2 h4 47. gxh4 f4 48. Kxa3 f3 49. h3+ Kf4 50. Bxf3 Kxf3 51. h5 Nf7 52. Kb4 Ke4
53. Kc5 Ke5 54. a4 Nd6 55. Kc6 Nc4 56. h6 Kf6 57. h7 Kg7 58. Kc5 Na5 59. Kb5
Nb3 60. a5 Nxa5 61. Kxa5 1/2-1/2

[Event "Kaufbeuren 2007 Gruppe B"]
[Site "Kaufbeuren"]
[Date "2007.10.20"]
[Round "5"]
[White "MM V, Mephisto"]
[Black "Amsterdam, Mephisto"]
[Result "1-0"]
[WhiteElo "2003"]
[BlackElo "1943"]
[PlyCount "55"]
[EventDate "2007.10.20"]
[EventType "tourn"]
[EventCountry "GER"]
[SourceDate "2007.10.20"]
[TimeControl "40/7200:20/3600:0"]

1. e4 e5 2. Nf3 Nc6 3. Bc4 Bc5 4. c3 Nf6 5. d4 exd4 6. cxd4 Bb4+ 7. Bd2 Bxd2+
8. Nbxd2 d5 9. exd5 Nxd5 10. Qb3 Na5 11. Qa4+ Nc6 12. Qb3 Na5 13. Qa4+ c6 14.
Qa3 Be6 15. O-O b6 16. Rae1 h6 17. Ne5 a6 18. b3 Ra7 19. Ne4 Qc7 20. f4 Kd8 21.
f5 Bc8 22. Nd6 Nxc4 23. bxc4 f6 24. Ndf7+ Ke8 25. cxd5 fxe5 26. Nxh8 Qd8 27.
Rxe5+ Kd7 28. d6 1-0

[Event "Kaufbeuren 2007 Gruppe B"]
[Site "Kaufbeuren"]
[Date "2007.10.20"]
[Round "1"]
[White "MM V, Mephisto"]
[Black "Diablo 68000, Novag"]
[Result "0-1"]
[WhiteElo "2003"]
[BlackElo "2059"]
[PlyCount "107"]
[EventDate "2007.10.20"]
[EventType "tourn"]
[EventCountry "GER"]
[SourceDate "2007.10.20"]
[TimeControl "40/7200:20/3600:0"]

1. e4 c6 2. d4 g6 3. Nc3 Bg7 4. Bc4 d6 5. Nf3 Nf6 6. Bf4 O-O 7. O-O d5 8. Bd3
Bg4 9. e5 Nh5 10. Be3 f6 11. exf6 Nxf6 12. h3 Bxf3 13. Qxf3 Nbd7 14. Qe2 Qc7
15. Rae1 e5 16. dxe5 Nxe5 17. Bd4 Nfd7 18. Qe3 Rae8 19. Bxe5 Bxe5 20. Qxa7 Ra8
21. Qe3 d4 22. Bc4+ Kh8 23. Qd3 dxc3 24. bxc3 Rae8 25. g3 b5 26. Bb3 Bg7 27. f4
Nc5 28. Qf3 Qd7 29. Rxe8 Rxe8 30. f5 gxf5 31. Rd1 Qc7 32. c4 b4 33. Kg2 Qe7 34.
Rf1 Qe2+ 35. Rf2 Qxf3+ 36. Rxf3 Rf8 37. Re3 Bf6 38. Kf3 Kg7 39. Re1 Kf7 40. g4
fxg4+ 41. Kxg4 Rg8+ 42. Kf3 Bh4 43. Rh1 Ke6 44. Ke3 Rg2 45. Kf3 Rf2+ 46. Kg4
Bf6 47. Rc1 Ne4 48. Re1 Ke5 49. h4 Rf4+ 50. Kh3 Bxh4 51. Re3 Bf2 52. Rd3 Bd4
53. Kh2 Rf2+ 54. Kh1 0-1

[Event "Kaufbeuren 2007 Gruppe B"]
[Site "Kaufbeuren"]
[Date "2007.10.20"]
[Round "7"]
[White "MM V, Mephisto"]
[Black "Genesis, Millennium"]
[Result "1-0"]
[WhiteElo "2003"]
[BlackElo "1895"]
[PlyCount "81"]
[EventDate "2007.10.20"]
[EventType "tourn"]
[EventCountry "GER"]
[SourceDate "2007.10.20"]
[TimeControl "40/7200:20/3600:0"]

1. e4 d6 2. d4 Nf6 3. Nc3 g6 4. Nf3 Bg7 5. h3 O-O 6. Be3 c6 7. a4 Qb6 8. b3 e6
9. a5 Qb4 10. Bd2 d5 11. e5 Qe7 12. exf6 Bxf6 13. Be2 c5 14. dxc5 Qxc5 15. b4
Qc6 16. b5 Qc7 17. Ra3 Qc5 18. Qc1 Be7 19. Nb1 a6 20. Rc3 Qd6 21. Bh6 Rd8 22.
bxa6 Bf6 23. Ra3 Nxa6 24. O-O Bd7 25. Ng5 Be5 26. Qd2 Bh2+ 27. Kh1 Bf4 28. Qd4
e5 29. Qb6 Qxb6 30. axb6 Bf5 31. g3 Bxg5 32. Bxg5 Rdc8 33. Bxa6 Rxa6 34. Rxa6
bxa6 35. Na3 Bxh3 36. Re1 e4 37. Bf4 g5 38. Bd6 Rc6 39. b7 Rb6 40. Rb1 Rxb7 41.
Rxb7 1-0

[Event "Kaufbeuren 2007 Gruppe B"]
[Site "Kaufbeuren"]
[Date "2007.10.20"]
[Round "3"]
[White "MM V, Mephisto"]
[Black "Super Forte C 5 MHz , Novag"]
[Result "1-0"]
[WhiteElo "2003"]
[BlackElo "1971"]
[PlyCount "101"]
[EventDate "2007.10.20"]
[EventType "tourn"]
[EventCountry "GER"]
[SourceDate "2007.10.20"]
[TimeControl "40/7200:20/3600:0"]

1. e4 e5 2. Nf3 Nc6 3. Bc4 Bc5 4. c3 Nf6 5. d4 exd4 6. cxd4 Bb4+ 7. Bd2 Bxd2+
8. Nbxd2 d5 9. exd5 Nxd5 10. Qb3 Nce7 11. O-O O-O 12. Rfe1 c6 13. Ne4 Kh8 14.
Rac1 f6 15. Ng3 Nf4 16. a4 Ned5 17. h3 Re8 18. Rxe8+ Qxe8 19. Re1 Qf7 20. Ne4
Be6 21. Nd6 Qc7 22. Qxb7 Qxb7 23. Nxb7 Bg8 24. Na5 Rc8 25. Ba6 Rb8 26. b3 Nb4
27. Bc4 a6 28. Bxg8 Kxg8 29. Re7 Nfd5 30. Rd7 h6 31. Nxc6 Nxc6 32. Rxd5 Rxb3
33. Rd6 Nb4 34. Rb6 Rb1+ 35. Kh2 a5 36. Rb5 Rf1 37. Rxa5 Rxf2 38. d5 Kf8 39. d6
Re2 40. Nd4 Re1 41. Rb5 Rd1 42. Rxb4 Ke8 43. a5 Kd7 44. Ra4 Rc1 45. a6 Rc8 46.
Nb5 Ra8 47. a7 g6 48. Nc7 Rh8 49. Rd4 f5 50. a8=Q Rxa8 51. Nxa8 1-0

[Event "Kaufbeuren 2007 Gruppe B"]
[Site "Kaufbeuren"]
[Date "2007.10.20"]
[Round "9"]
[White "Modena, Mephisto"]
[Black "Amsterdam, Mephisto"]
[Result "1-0"]
[WhiteElo "1964"]
[BlackElo "1943"]
[PlyCount "62"]
[EventDate "2007.10.20"]
[EventType "tourn"]
[EventCountry "GER"]
[SourceDate "2007.10.20"]

1. d4 d5 2. c4 c6 3. Nc3 e6 4. Nf3 dxc4 5. a4 Bb4 6. e3 b5 7. Bd2 Qb6 8. Ne4
Be7 9. axb5 cxb5 10. Be2 Nc6 11. O-O Qd8 12. b3 f5 13. Nc5 Nf6 14. bxc4 Bxc5
15. dxc5 bxc4 16. Bxc4 Ne4 17. Nd4 Nxd4 18. Ba5 Qg5 19. Qxd4 O-O 20. f3 Nf6 21.
c6 Nd5 22. Bxd5 exd5 23. Qxd5+ Kh8 24. Qc5 Ba6 25. Rfc1 Be2 26. Kf2 Bd3 27. Bb4
a5 28. c7 Qh4+ 29. Kg1 Rac8 30. Qxf8+ Rxf8 31. Bxf8 Ba6 1-0